Topografía y fotogrametría en la practica moderna
Kaydedildi:
| Yazar: | |
|---|---|
| Diğer Yazarlar: | |
| Materyal Türü: | Kitap |
| Dil: | Spanish |
| Baskı/Yayın Bilgisi: |
México : Editorial Continental,
1973.
|
| Konular: | |
| Etiketler: |
Etiketle
Etiket eklenmemiş, İlk siz ekleyin!
|
MARC
| LEADER | 00000nam a2200000Ia 4500 | ||
|---|---|---|---|
| 003 | 001765 | ||
| 005 | 20221231143950.0 | ||
| 008 | 140114s1973 mx a 000 ||spa d | ||
| 040 | |c cru CEDI | ||
| 082 | |a 526.982 T321t | ||
| 100 | |a Ternryd, Carl Olof |9 18984 | ||
| 245 | |a Topografía y fotogrametría en la practica moderna | ||
| 260 | |a México : Editorial Continental, |c 1973. | ||
| 300 | |a 205 páginas : ilustraciones ; 31 cm | ||
| 650 | |x FOTOTOPOGRAFIA |x TOPOGRAFIA |9 18986 | ||
| 700 | |9 18985 |a Lundin, Eliz | ||
| 942 | |2 ddc |c BK | ||
| 999 | |c 14919 |d 14919 | ||
